| 000 | 00715nam a2200265Ia 4500 | ||
|---|---|---|---|
| 003 | OSt | ||
| 005 | 20221007101549.0 | ||
| 006 | a|||||r|||| 00| 0 | ||
| 007 | ta | ||
| 008 | 221006b |||||||| |||| 00| 0 eng d | ||
| 020 | _a0128083506 | ||
| 024 | _a6,660 | ||
| 037 | _cTextual | ||
| 040 |
_aLCO _cLCO _beng |
||
| 041 |
_2eng _aeng |
||
| 082 | _aYOaZ, L3 | ||
| 100 | _aBlack Donald Ed. | ||
| 245 | 0 | _aSocial Organization of Law | |
| 260 |
_aNew _bYork Seminar Press U.S.A. _c1973 |
||
| 300 | _a405 | ||
| 650 |
_aSOCIAL ORGANIZATION _9703159 |
||
| 700 |
_a Mileski Maureen Ed. _9314698 |
||
| 942 |
_hYOaZ, L3 _cTEXL |
||
| 999 |
_c1176223 _d1176223 |
||